Incumplimiento contractual, resolución e indemnización de daños.
Salvato in:
| Autore principale: | |
|---|---|
| Altri autori: | |
| Natura: | Libro |
| Lingua: | spagnolo |
| Pubblicazione: |
Bogotá, Colombia:
Universidad del Rosario,
2010.
|
| Edizione: | Primera edición. |
| Serie: | Colección Textos de Jurisprudencia.
|
| Soggetti: | |
| Tags: |
Aggiungi Tag
Nessun Tag, puoi essere il primo ad aggiungerne!!
|
MARC
| LEADER | 00000cam a2200000 a 4500 | ||
|---|---|---|---|
| 001 | UCC7990 | ||
| 003 | CL-VaPUC | ||
| 005 | 20220822114414.0 | ||
| 008 | 190524e20100000ck |||||||||||||||||spa|d | ||
| 999 | |c 374452 |d 374450 | ||
| 020 | |a 978-958-738-117-7 | ||
| 040 | |c Pontificia Universidad Católica de Valparaíso | ||
| 082 | 0 | 4 | |a 346.022 PIZ 2010 |2 21 |
| 100 | 0 | |a Pizarro Wilson, Carlos |e autor |9 602701 | |
| 245 | 1 | 0 | |a Incumplimiento contractual, resolución e indemnización de daños. |
| 250 | |a Primera edición. | ||
| 260 | |a Bogotá, Colombia: |b Universidad del Rosario, |c 2010. | ||
| 300 | |a 545 páginas. | ||
| 490 | 0 | |a Colección Textos de Jurisprudencia. | |
| 500 | |a c.2 Donación Familia Prof. Alejandro Guzmán Brito. | ||
| 583 | |a last modification |c 20190524 12:30:00 |k Rodrigo Vera | ||
| 650 | 0 | |a Derecho civil |9 255013 | |
| 650 | 0 | |a Responsabilidad contractual |9 256720 | |
| 650 | 0 | |a Deudor y acreedor |9 256643 | |
| 700 | 0 | |a Vidal Olivares, Alvaro |e autor |9 602702 | |
| 942 | |c BK |2 ddc |n 0 | ||
| 945 | |d 20190524 12:30:00 |a dcastane | ||
| 952 | |0 0 |1 0 |3 erb |4 0 |6 346_022000000000000_PIZ_2010 |7 0 |8 A |9 492987 |a BIBDER |b BIBDER |i 5590051 |l 1 |o 346.022 PIZ 2010 |p 5590051 |r 2023-01-25 |s 2022-11-25 |w 2019-11-24 |y BK |z Catalogado en:20190524 |k DER | ||
| 952 | |0 0 |1 0 |2 ddc |4 0 |6 346_022000000000000_PIZ_2010 |7 1 |8 C_AGB |9 580921 |a BIBDER |b BIBDER |d 2022-01-27 |e Donación |i 5642655 |o 346.022 PIZ 2010 |p 5642655 |r 2023-01-25 |t 2 |w 2022-01-27 |y BK_US |k AGB | ||